000 00749nam a2200289Ia 4500
005 20260324112428.0
008 008 260324s9999 xx 000 0 eng d
020 _a9781003490487
037 _aEBOOK
040 _aCRL
040 _beng
040 _cCRL
041 _2eng
041 _aeng
084 _qCRL
100 _aOndřej Beran; Laura Candiotto; Niklas Forsberg; Antony Fredriksson; David Rozen
_91142657
245 4 _aThe Philosophy of Environmental Emotions
245 0 _bGrief, Hope, and Beyond
260 _bTaylor and Francis
260 _c2024
365 _a
365 _b220
856 _uhttp://www.taylorfrancis.com/books/9781003490487
942 _cEBOOK
999 _c1731857
_d1731857